|
|
|
|
| LEADER |
01262nam a2200301 4500 |
| 001 |
00023204 |
| 008 |
111114r20021986bg w 000 0 eng d |
| 040 |
|
|
|a BD-DhAAL
|c BD-DhAAL
|d BD-DhAAL
|
| 082 |
0 |
0 |
|a 348.5492/046
|2 22
|
| 999 |
|
|
|c 11418
|d 11418
|
| 999 |
|
|
|c 11418
|
| 130 |
0 |
|
|a BLD
|9 796
|
| 245 |
0 |
4 |
|a Bangladesh Legal Decisions,
|c editor Kazi Ebadul Hoque
|n volume no.6
|
| 246 |
1 |
7 |
|a B.L.D.
|
| 260 |
|
|
|a Dhaka :
|b Bangladesh Bar Council,
|c 1986 [Reprinted 2002]
|
| 300 |
|
|
|a Various pagings ;
|c 24 cm.
|
| 362 |
0 |
|
|a Vol.VI,1986
|
| 500 |
|
|
|a December, REGN. NO. DA513, Volume VI
|
| 500 |
|
|
|a Appellate Div.High Court Div. BD, Statutes
|
| 541 |
|
|
|e 00023204
|
| 590 |
|
|
|a Published yearly.
|
| 650 |
|
0 |
|a Law reports, digests, etc.
|z Bangladesh.
|9 1659
|
| 700 |
1 |
|
|a Ebadul Hoque,Kazi
|9 1660
|
| 710 |
1 |
|
|a Bangladesh Bar Council.
|9 799
|
| 852 |
4 |
|
|a Ayesha Abed Library
|j General shelf
|
| 942 |
|
|
|2 ddc
|c BK
|0 1
|
| 952 |
|
|
|0 0
|1 0
|2 ddc
|4 0
|6 348_549204600000000_BAN
|7 0
|9 18562
|a BRACUL
|b BRACUL
|c REF
|d 2011-11-16
|l 1
|o 348.5492046 BAN
|p 3010023204
|r 2012-07-24
|s 2012-07-24
|t 1
|w 2011-11-16
|y 1HOUR
|x Available
|
| 952 |
|
|
|0 0
|1 0
|2 ddc
|4 0
|6 348_549204600000000_BAN
|7 0
|9 19968
|a BRACUL
|b BRACUL
|c REF
|d 2012-04-10
|l 6
|o 348.5492046 BAN
|p 3010024535
|r 2019-07-17
|s 2019-07-17
|t 2
|w 2012-04-10
|y 1HOUR
|